| 000 | 00947nam a2200277 a 4500 | ||
|---|---|---|---|
| 001 | 3071 | ||
| 005 | 20240202113119.0 | ||
| 020 | _a9780142414743 | ||
| 040 |
_aOCO _cOCO _dInC _dO _dDLC _beng |
||
| 050 | 0 | 0 |
_aPZ7.D1515 _b 1991 |
| 082 | 0 | 0 | _a823.914 |
| 100 | 1 | _aDahl, Roald | |
| 245 | 1 | 4 |
_aThe Minpins / _cRoald Dahl ; illustrated by Patrick Benson. |
| 250 | _a1st American ed. | ||
| 260 |
_aNew York : _bPenguin Group , _c1991 |
||
| 300 |
_a47 pages : _bcolor illustrations ; _c28 cm. |
||
| 505 | _aX | ||
| 520 | _aLittle Billy enters the Forest of Sin and meets the Minpins, matchstick-sized people who live in tree cities besieged by the Smoke-Belching Gruncher whom Billy vows to destroy. | ||
| 521 |
_a890
_bLexile |
||
| 521 |
_aX
_bRaz-Plus |
||
| 650 | 1 |
_aFantasy. _vfiction |
|
| 650 | 1 | _xFiction. | |
| 700 | 1 |
_aBenson, Patrick _eillustrator |
|
| 906 |
_a7 _bcbc _ccopycat _d3 _eocip _f19 _gy-gencatlg |
||
| 942 |
_2ddc _cBK _n0 |
||
| 999 |
_c3071 _d3071 |
||